000 00372nam a2200145Ia 4500
008 230917s9999||||xx |||||||||||||| ||und||
040 _e18584
_aMAIN
041 _aEnglish
082 _a519.5 P693S
100 _aPlane, Donald R
245 0 _aStatistics for management decisions
260 _aDallas
_bBusiness Publications
_c1977
300 _axv, 527 p.
942 _cBK
999 _c181169
_d181169